书目信息 |
| 题名: |
红蜡烛与美人鱼
|
|
| 作者: | 小川未明 著 ;张竞 译 | |
| 分册: | ||
| 出版信息: | 上海 上海译文出版社 1986 |
|
| 页数: | 273页 | |
| 开本: | 19cm | |
| 丛书名: | ||
| 单 册: | ||
| 中图分类: | H369.4 , I313.88 | |
| 科图分类: | ||
| 主题词: | 童话--对照读物--日本 , 日语--对照读物 | |
| 电子资源: | ||
| ISBN: | 9188.312 | |
| 000 | 00769nam0 2200277 450 | |
| 001 | 0186016180 | |
| 005 | 20100712221740.0 | |
| 010 | @a9188.312@dCNY1.55 | |
| 091 | @a9188.312 | |
| 100 | @a19900813d1986 em y0chiy0110 ea | |
| 101 | 2 | @ajpn@achi |
| 102 | @aCN@b310000 | |
| 105 | @ay z 000yy | |
| 106 | @ar | |
| 200 | 1 | @a红蜡烛与美人鱼@9Hong;Gong La;Zha Zhu Yu Mei Ren Yu @f(日)小川未明著@g张竞译 |
| 210 | @a上海@c上海译文出版社@d1986 | |
| 215 | @a273页@d19cm | |
| 300 | @a日汉对照 | |
| 606 | 0 | @a童话@x对照读物@y日本 |
| 606 | 0 | @a日语@x对照读物 |
| 690 | @aH369.4@v3 | |
| 690 | @aI313.88@v3 | |
| 701 | 0 | @a小川未明@9xiao chuan wei ming@4著 |
| 702 | 0 | @a张竞@9zhang jing@4译 |
| 801 | 0 | @aCN@b91MARC@c20130904 |
| 905 | @aBZT@dH369.4@e10@f4@sH369.4/10 | |
| 红蜡烛与美人鱼/(日)小川未明著/张竞译.-上海:上海译文出版社,1986 |
| 273页;19cm |
| 日汉对照 |
| ISBN 9188.312:CNY1.55 |
| ● |
| 相关链接 |
|
|
|
正题名:红蜡烛与美人鱼
索取号:H369.4/10
 
预约/预借
| 序号 | 登录号 | 条形码 | 馆藏地/架位号 | 状态 | 备注 |
| 1 | 2000082391 | 2000082391 | 旧书回溯/ [索取号:H369.4/10] | 在馆 | |
| 2 | 2000088865 | 2000088865 | 旧书回溯/ [索取号:H369.4/10] | 在馆 | |
| 3 | 2000088866 | 2000088866 | 旧书回溯/ [索取号:H369.4/10] | 在馆 | |
| 4 | 2000095258 | 2000095258 | 旧书回溯/ [索取号:H369.4/10] | 在馆 |